在空白地图上画出海南所有县级行政区Counties in Hainan with an empty map - Statistics

General Stats
  • This quiz has been taken 61 times
  • The average score is 23 of 26
Answers on the Map
Answers color-coded by a green-red scale on the quiz's map according to % correct below.
 
Answer Stats
地级 县级 % Correct
省直辖 东方市
100%
直筒子市 儋州市
100%
省直辖 白沙黎族自治县
98%
省直辖 琼中黎族苗族自治县
98%
省直辖 五指山市
95%
省直辖 万宁市
95%
省直辖 琼海市
93%
省直辖 文昌市
93%
省直辖 临高县
93%
省直辖 乐东黎族自治县
93%
省直辖 陵水黎族自治县
93%
三沙市 南沙区
90%
省直辖 屯昌县
90%
省直辖 澄迈县
90%
省直辖 保亭黎族苗族自治县
90%
海口市 美兰区
88%
三亚市 天涯区
88%
三沙市 西沙区
88%
省直辖 定安县
88%
三亚市 海棠区
86%
省直辖 昌江黎族自治县
86%
海口市 秀英区
76%
三亚市 崖州区
76%
三亚市 吉阳区
74%
海口市 龙华区
71%
海口市 琼山区
71%
No matching quizzes found
Score Distribution
Percent of People with Each Score
Percentile by Number Answered
Your Score History
You have not taken this quiz